Infancia, ley y democracia en América Latina

Uloženo v:
Podrobná bibliografie
Hlavní autoři: García Méndez, Emilio (Autor), Beloff, Mary (Autor)
Médium: Kniha
Jazyk:španělština
Vydáno: Buenos Aires Temis 1998
Témata:
Tagy: Přidat tag
Žádné tagy, Buďte první, kdo vytvoří štítek k tomuto záznamu!

MARC

LEADER 00000nam a2200000 a 4500
001 UCP6548
003 CL-VaPUC
008 991029e19980000AG |||||||||||||||||spa|d
082 0 4 |a 346.013  |b GAR  |2 21 
100 0 |a García Méndez, Emilio  |e author  |9 435672 
700 0 |a Beloff, Mary  |e author  |9 435673 
245 1 0 |a Infancia, ley y democracia en América Latina 
300 |a 1397 p 
942 |c BK 
945 |d 19991029 00:00:00  |a vberengu 
260 |a Buenos Aires  |b Temis  |c 1998 
650 0 |a Democracia  |9 255256 
650 0 |a Derechos del niño  |9 258728 
650 7 |a MENORES  |2 CL-VaPUC  |9 435674 
650 7 |a LEGISLACION  |2 CL-VaPUC  |9 435675 
651 0 |a América Latina   |9 255027 
583 |a last modification  |c 19991029 00:00:00  |k Rodrigo Vera 
999 |c 284058  |d 284056 
952 |0 0  |1 0  |4 0  |6 346_013000000000000_GAR_1998  |7 0  |8 A  |9 327759  |a BIBDER  |b BIBDER  |d 2019-11-20  |i 3574067  |o 346.013 GAR 1998  |p 3574067  |r 2023-01-25  |w 2019-11-20  |y BK  |k DER